UK Geography Quiz by Letter - D - Statistics

General Stats
  • This quiz has been taken 117 times
  • The average score is 10 of 15
Answer Stats
Hint Answer % Correct
There'll be blue birds over the white cliffs of... Dover
99%
City in Northern Ireland with two names Derry / Londonderry
89%
Patron Saint of Wales, namesake of the UK's smallest city. St. {David}
89%
Scottish city named as the "Electric vehicle capital of Europe" in 2018 Dundee
88%
Town in France from where British troops were famously evacuated in 1940 Dunkirk
87%
County in England with two distinct coastlines Devon
85%
This city has the third oldest university in the UK after Oxford and Cambridge Durham
79%
National Park in the north of England Yorkshire {Dales}
77%
Capital of the Crown Dependency of the Isle of Man Douglas
71%
One of the six counties of Northern Ireland County {Down}
66%
Two rivers with the same name, one in Chester and one in Aberdeen Dee
60%
National Park in the above county Dartmoor
56%
Scottish birthplace of tennis stars Andy and Jamie Murray, and site of a school shooting in 1996 Dunblane
52%
Most northerly point of the United Kingdom mainland {Dunnet} Head
14%
National Nature Reserve that was said to be the only desert in the UK Dungeness
12%
No matching quizzes found
Score Distribution
Percent of People with Each Score
Percentile by Number Answered
Your Score History
You have not taken this quiz